[Event "NOR-ch Class3"]
[Site "Oslo"]
[Date "2015.07.04"]
[Round "3"]
[White "Ziegler, Lars"]
[Black "Mansoor, Safeer Uddin"]
[Result "1-0"]
[WhiteElo "1322"]
[BlackElo "1416"]
[PlyCount "78"]
[EventDate "2015.07.04"]
[EventType "swiss"]
[EventRounds "9"]
[EventCountry "NOR"]
[SourceTitle "EXT 2017"]
[Source "ChessBase"]
[SourceDate "2016.10.25"]
[SourceVersion "1"]
[SourceVersionDate "2016.10.25"]
[SourceQuality "1"]

1. e4 c5 2. Ne2 Nc6 3. Nbc3 Nf6 4. g3 g6 5. Bg2 Bg7 6. 0-0 0-0 7. a3 d6 8. b4 cxb4 9. axb4 Nxb4 10. Ba3 Nc6 11. d4 Nd7 12. Qd2 Nb6 13. Rfb1 Nc4 14. Qd3 Nxa3 15. Rxa3 a6 16. f4 Rb8 17. e5 Bf5 18. Qc4 Qd7 19. Bxc6 Qxc6 20. Qxc6 bxc6 21. Rxb8 Rxb8 22. Rxa6 Rc8 23. Ra2 c5 24. Nd5 Kf8 25. Ra7 dxe5 26. Nxe7 Rd8 27. Nxf5 gxf5 28. dxc5 e4 29. c6 Rc8 30. c7 Ke7 31. Kf2 Kd7 32. Ke3 Rxc7 33. Rxc7+ Kxc7 34. Nd4 Bxd4+ 35. Kxd4 Kd6 36. h3 h5 37. g4 fxg4 38. hxg4 h4 39. Kxe4 Ke6 1-0

[Event "Fagernes Norsk op-B"]
[Site "Fagernes"]
[Date "2015.03.29"]
[Round "9"]
[White "Mansoor, Safeer Uddin"]
[Black "Berg Olsen, Sebastian N"]
[Result "1/2-1/2"]
[WhiteElo "1300"]
[BlackElo "1342"]
[PlyCount "101"]
[EventDate "2015.03.29"]
[EventType "swiss"]
[EventRounds "9"]
[EventCountry "NOR"]
[SourceTitle "EXT 2016"]
[Source "ChessBase"]
[SourceDate "2015.10.08"]
[SourceVersion "1"]
[SourceVersionDate "2015.10.08"]
[SourceQuality "1"]

1. e4 c5 2. Nf3 g6 3. d4 cxd4 4. Nxd4 Bg7 5. Be3 Nc6 6. Nc3 d6 7. Nxc6 bxc6 8. Bc4 Nf6 9. 0-0 0-0 10. f4 Ng4 11. Bd4 Bxd4+ 12. Qxd4 Qb6 13. Qxb6 axb6 14. Bb3 Be6 15. Bxe6 fxe6 16. Rf3 e5 17. h3 Nf6 18. fxe5 dxe5 19. a3 Rfd8 20. Rd1 Rxd1+ 21. Nxd1 Ra4 22. Nc3 Rd4 23. Rd3 Rxd3 24. cxd3 b5 25. b3 Nd7 26. a4 bxa4 27. bxa4 Nc5 28. a5 Kf8 29. Kf2 Nxd3+ 30. Ke2 Nc5 31. Na2 Na6 32. Kd3 Ke8 33. Kc4 Kd8 34. Nb4 Nxb4 35. Kxb4 Kc7 36. Kc5 Kb7 37. a6+ Kxa6 38. Kxc6 Ka5 39. Kd5 Kb6 40. Kxe5 Kc5 41. Ke6 Kd4 42. e5 Ke4 43. h4 h5 44. g3 Kd4 45. Kxe7 Kxe5 46. Kf7 Kf5 47. Kg7 g5 48. hxg5 Kxg5 49. Kh7 Kg4 50. Kh6 Kxg3 51. Kxh5 1/2-1/2

[Event "Fagernes Norsk op-B"]
[Site "Fagernes"]
[Date "2015.03.29"]
[Round "7"]
[White "Mansoor, Safeer Uddin"]
[Black "Yilmaz, Kazim"]
[Result "1/2-1/2"]
[WhiteElo "1300"]
[BlackElo "1620"]
[PlyCount "72"]
[EventDate "2015.03.29"]
[EventType "swiss"]
[EventRounds "9"]
[EventCountry "NOR"]
[SourceTitle "EXT 2016"]
[Source "ChessBase"]
[SourceDate "2015.10.08"]
[SourceVersion "1"]
[SourceVersionDate "2015.10.08"]
[SourceQuality "1"]

1. e4 d6 2. d4 Nd7 3. Nf3 e5 4. Bc4 Be7 5. c3 Bf6 6. Be3 Ne7 7. dxe5 Nxe5 8. Nxe5 Bxe5 9. Nd2 0-0 10. f4 Bf6 11. Nf3 Nc6 12. 0-0 a5 13. a3 Kh8 14. Qb3 a4 15. Qc2 Be6 16. Bd3 h6 17. Nd4 Re8 18. Nxe6 fxe6 19. Bb5 e5 20. f5 Bg5 21. Bxg5 Qxg5 22. Rae1 Rf8 23. Re3 Qxe3+ 24. Kh1 Qg5 25. Bxa4 g6 26. Bb3 gxf5 27. exf5 Rf6 28. Qe4 Raf8 29. g4 h5 30. Rg1 Qf4 31. Qe2 e4 32. g5 Qf3+ 33. Qxf3 exf3 34. gxf6 Rxf6 35. Bc2 Ne5 36. Be4 Nc4 1/2-1/2

[Event "Fagernes Norsk op-B"]
[Site "Fagernes"]
[Date "2015.03.29"]
[Round "6"]
[White "Sateren, Erlend"]
[Black "Mansoor, Safeer Uddin"]
[Result "0-1"]
[WhiteElo "1428"]
[BlackElo "1300"]
[PlyCount "104"]
[EventDate "2015.03.29"]
[EventType "swiss"]
[EventRounds "9"]
[EventCountry "NOR"]
[SourceTitle "EXT 2016"]
[Source "ChessBase"]
[SourceDate "2015.10.08"]
[SourceVersion "1"]
[SourceVersionDate "2015.10.08"]
[SourceQuality "1"]

1. e4 c5 2. Nf3 Nc6 3. d4 cxd4 4. Nxd4 d6 5. Nc3 g6 6. Be3 Bg7 7. Bc4 Nf6 8. f3 a6 9. Qd2 Na5 10. Bd3 0-0 11. g4 Bd7 12. h4 Rc8 13. g5 Nh5 14. f4 Nxf4 15. Bxf4 e5 16. Nde2 exf4 17. Qxf4 Be6 18. h5 Be5 19. Qh4 Qd7 20. 0-0-0 Nc4 21. hxg6 fxg6 22. Rdf1 Rxf1+ 23. Rxf1 Qc6 24. Qf2 Nxb2 25. Kxb2 Bxc3+ 26. Kc1 Qc5 27. Qxc5 Rxc5 28. Nxc3 Rxc3 29. Kb2 Rc5 30. Rg1 Kg7 31. c3 Bd7 32. a3 Bc6 33. Rg4 Re5 34. c4 h5 35. gxh6+ Kxh6 36. Rf4 Kg5 37. Rf8 Bxe4 38. Bxe4 Rxe4 39. Kc3 Re7 40. Rd8 Kh4 41. Rxd6 g5 42. Rh6+ Kg3 43. Kd4 g4 44. Kd5 Kg2 45. Kd6 Rf7 46. Ke6 Rc7 47. Kd5 g3 48. c5 Kg1 49. Rg6 g2 50. Kd6 Rf7 51. Ke6 Rc7 52. Kd6 Rc6+ 0-1